| 000 | 00742nam a2200181Ia 4500 | ||
|---|---|---|---|
| 008 | 210719s2018 xx 000 0 und d | ||
| 041 | _akan | ||
| 082 | _a294.535K HARS | ||
| 100 | _aHARSHENDRA KUMAR (Di);PRASANNA KUMAR AITHAL | ||
| 245 | _aSuvarna sanchaya 9: Dhana Purushartha | ||
| 260 |
_aUjire _bGolden Jubilee Celebrartion Committee, Dharmastala _c2018 |
||
| 300 |
_a212 _bPB |
||
| 365 |
_b150 _cRs |
||
| 440 |
_aShri D Veerendra Heggadeyavara pattabisheka suvarna mahotsava pustaka malike _v9 |
||
| 650 | _aHinduism | ||
| 650 | _aHinduism | ||
| 906 | _a9: ; abhayadana ; annadana ; aoushadadana ; dana ; Dhana ; Heggadeyavara ; mahotsava ; malike ; pattabisheka ; Purushartha ; pustaka ; sanchaya ; Suvarna ; Veerendra ; vidyadana | ||
| 999 |
_c216043 _d216043 |
||